[Event "World Blitz 2015"]
[Site "Berlin GER"]
[Date "2015.10.14"]
[Round "21.16"]
[White "Alekseev, Evgeny"]
[Black "Ragger, Markus"]
[Result "1-0"]
[WhiteTitle "GM"]
[BlackTitle "GM"]
[WhiteElo "2642"]
[BlackElo "2698"]
[WhiteFideId "4138147"]
[BlackFideId "1610856"]
[EventDate "2015.10.13"]

1. e4 e5 2. Nf3 Nc6 3. Bb5 a6 4. Ba4 Nf6 5. d3 d6 6. c3 g6 7. O-O Bg7 8. h3 O-O
9. Be3 Nd7 10. d4 Qe7 11. Nbd2 h6 12. Re1 Kh7 13. Bxc6 bxc6 14. Nc4 exd4 15.
cxd4 a5 16. Rc1 a4 17. Bf4 Bb7 18. e5 d5 19. Ne3 Rfd8 20. Qc2 Nf8 21. Ng4 Ne6
22. Bg3 Kg8 23. Bh4 g5 24. Bg3 h5 25. Ne3 h4 26. Nf5 Qf8 27. Bh2 Bh6 28. Ne3 Ra5
29. Ng4 Bg7 30. Qf5 Qe7 31. Nf6+ Kf8 32. Nxg5 Nxd4 33. Ngh7# 1-0

[Event "World Blitz 2015"]
[Site "Berlin GER"]
[Date "2015.10.14"]
[Round "21.18"]
[White "Korobov, Anton"]
[Black "Kravtsiv, Martyn"]
[Result "1-0"]
[WhiteTitle "GM"]
[BlackTitle "GM"]
[WhiteElo "2700"]
[BlackElo "2621"]
[WhiteFideId "14105730"]
[BlackFideId "14113147"]
[EventDate "2015.10.13"]

1. d4 d5 2. c4 e6 3. Nc3 Be7 4. Nf3 Nf6 5. Bf4 O-O 6. e3 Nbd7 7. Be2 dxc4 8.
Bxc4 a6 9. a4 c5 10. O-O cxd4 11. Qxd4 Qa5 12. Bd6 Bxd6 13. Qxd6 Nc5 14. Rab1
Rd8 15. Qf4 Qb4 16. Ne5 a5 17. g4 Rf8 18. Rfd1 Ncd7 19. Rd4 Qe7 20. Rbd1 h6 21.
h4 Nxe5 22. Qxe5 Nd7 23. Qg3 Nb6 24. Bb5 e5 25. Rd6 Qc7 26. g5 hxg5 27. hxg5 Nc4
28. Nd5 1-0

[Event "World Blitz 2015"]
[Site "Berlin GER"]
[Date "2015.10.14"]
[Round "21.19"]
[White "Fressinet, Laurent"]
[Black "Socko, Bartosz"]
[Result "1-0"]
[WhiteTitle "GM"]
[BlackTitle "GM"]
[WhiteElo "2702"]
[BlackElo "2599"]
[WhiteFideId "608742"]
[BlackFideId "1107038"]
[EventDate "2015.10.13"]

1. Nf3 d5 2. g3 Nc6 3. d4 Bf5 4. Bg2 Nb4 5. Na3 e6 6. O-O h6 7. c3 Nc6 8. Qb3
Rb8 9. c4 Bxa3 10. bxa3 Be4 11. cxd5 exd5 12. Bf4 Nge7 13. Qc3 O-O 14. a4 Ng6
15. Bd2 Qf6 16. Rfd1 Rfe8 17. Be1 Rbd8 18. a5 a6 19. Qb2 Rb8 20. Rac1 Qd6 21. a3
Nd8 22. Bb4 Qd7 23. Bf1 Bxf3 24. exf3 Ne6 25. Qd2 Ne7 26. Bh3 Nc6 27. f4 Qd8 28.
Bc3 Qe7 29. Re1 Qxa3 30. Bg2 Qd6 31. h4 Na7 32. Bb4 Qd7 33. f5 Nf8 34. f6 Nb5
35. Qf4 Ng6 36. Qd2 Qg4 37. Bc5 b6 38. Rxe8+ Rxe8 39. axb6 cxb6 40. Bxb6 Qe6 41.
Bc5 Qxf6 42. h5 Nf8 43. Bxd5 Rd8 44. Qa2 Nh7 45. Re1 Nc3 46. Qa5 Nxd5 47. Be7
Qxd4 48. Qxd8+ 1-0

[Event "World Blitz 2015"]
[Site "Berlin GER"]
[Date "2015.10.14"]
[Round "21.20"]
[White "Munoz Pantoja, Miguel"]
[Black "Savchenko, Boris"]
[Result "1-0"]
[WhiteTitle "GM"]
[BlackTitle "GM"]
[WhiteElo "2441"]
[BlackElo "2567"]
[WhiteFideId "3800229"]
[BlackFideId "4147332"]
[EventDate "2015.10.13"]

1. e4 e6 2. d4 d5 3. Nd2 c5 4. dxc5 Nf6 5. Bd3 Bxc5 6. Qe2 Nc6 7. Ngf3 Nb4 8. e5
Ng4 9. O-O Nxd3 10. cxd3 Bb6 11. Nb3 h5 12. h3 Nh6 13. Bg5 Qd7 14. Rac1 Nf5 15.
Nc5 Qb5 16. a4 Qb4 17. Bd2 Qxb2 18. Rb1 Nd4 19. Nxd4 Qxd4 20. Be3 Qxe5 21. d4
Qd6 22. a5 Bxc5 23. dxc5 Qc6 24. Bd4 f6 25. f4 Kf7 26. Rb3 Bd7 27. Rfb1 Rab8 28.
Qf2 Qa6 29. Qh4 Qc4 30. Rb4 Qd3 31. R1b3 Qd1+ 32. Kh2 Bc6 33. a6 Qe2 34. axb7
Rhd8 35. Re3 Qd1 36. Rg3 Rxb7 37. Rxb7+ Bxb7 38. Rxg7+ Ke8 39. Qxf6 1-0

[Event "World Blitz 2015"]
[Site "Berlin GER"]
[Date "2015.10.14"]
[Round "21.21"]
[White "Melkumyan, Hrant"]
[Black "Bachmann, Axel"]
[Result "1-0"]
[WhiteTitle "GM"]
[BlackTitle "GM"]
[WhiteElo "2622"]
[BlackElo "2593"]
[WhiteFideId "13302485"]
[BlackFideId "3700488"]
[EventDate "2015.10.13"]

1. d4 g6 2. Nf3 Bg7 3. g3 d6 4. Bg2 Nf6 5. c4 O-O 6. O-O Nbd7 7. Qc2 e5 8. Rd1
exd4 9. Nxd4 Re8 10. Nc3 a5 11. b3 Nc5 12. Bb2 c6 13. e3 Qe7 14. h3 h5 15. Nf3
Bf5 16. Qe2 a4 17. Nd4 Bd7 18. Rab1 axb3 19. axb3 Nfe4 20. Nxe4 Nxe4 21. Ra1
Rxa1 22. Rxa1 c5 23. Nf3 Bxb2 24. Qxb2 Bc6 25. Rd1 Qe6 26. Re1 Qf5 27. Nh4 Qe6
28. Nf3 Rb8 29. Nd2 Ng5 30. h4 Nh3+ 31. Bxh3 Qxh3 32. e4 b5 33. Qf6 Qd7 34. cxb5
Rxb5 35. Ra1 Rb4 36. Re1 Rd4 37. Nc4 Bxe4 38. f3 Qh3 39. fxe4 Qxg3+ 40. Kf1 Qh3+
41. Kf2 Qh2+ 42. Kf1 Qh3+ 43. Kf2 Qxb3 44. Ne3 Rxe4 45. Qxd6 Kh7 46. Qc7 Qa2+
47. Re2 Qe6 48. Qg3 c4 49. Rc2 c3 50. Qf3 Qe5 51. Qe2 Qf4+ 52. Qf3 Qxh4+ 53. Ke2
Qh2+ 54. Kd3 Rxe3+ 55. Qxe3 Qd6+ 56. Qd4 Qg3+ 57. Qe3 Qd6+ 58. Kxc3 h4 59. Qd4
Qg3+ 60. Qd3 Qe5+ 61. Kd2 Qh2+ 62. Ke1 Qg1+ 63. Qf1 Qe3+ 64. Re2 Qc3+ 65. Rd2
Qe3+ 66. Kd1 Qb3+ 67. Rc2 Qb1+ 68. Rc1 Qb3+ 69. Ke1 Qe3+ 70. Kd1 Qb3+ 71. Kd2
Qd5+ 72. Qd3 Qg2+ 73. Kc3 Qc6+ 74. Qc4 Qf3+ 75. Kb2 Qf6+ 76. Rc3 Qf2+ 77. Kb3
Qb6+ 78. Kc2 Qf2+ 79. Kd1 Qg1+ 80. Kd2 Qf2+ 81. Qe2 Qd4+ 82. Rd3 Qf4+ 83. Qe3
Qh2+ 84. Ke1 Qh1+ 85. Ke2 Qg2+ 86. Qf2 Qe4+ 87. Re3 Qc4+ 88. Kf3 g5 89. Qe2 Qd5+
90. Kf2 Qf5+ 91. Qf3 Qc2+ 92. Re2 Qc5+ 93. Kg2 Kg7 94. Qe4 Kh6 95. Rc2 Qa3 96.
Rc6+ Kg7 97. Qe5+ Kg8 98. Rc8+ Kh7 99. Rh8+ Kg6 100. Rg8+ 1-0

[Event "World Blitz 2015"]
[Site "Berlin GER"]
[Date "2015.10.14"]
[Round "21.22"]
[White "Sasikiran, Krishnan"]
[Black "Iturrizaga Bonelli, Eduardo"]
[Result "0-1"]
[WhiteTitle "GM"]
[BlackTitle "GM"]
[WhiteElo "2639"]
[BlackElo "2641"]
[WhiteFideId "5004985"]
[BlackFideId "3901211"]
[EventDate "2015.10.13"]

1. d4 Nf6 2. Nf3 g6 3. Bg5 Bg7 4. Nbd2 d6 5. e4 c6 6. c3 Qc7 7. Bd3 O-O 8. O-O
e5 9. Re1 Be6 10. Nf1 Nbd7 11. Ng3 Rfe8 12. h3 h6 13. Bd2 Rad8 14. Qc1 Kh7 15.
Qc2 Nb6 16. b3 Bc8 17. Rad1 Nbd7 18. h4 Nf8 19. h5 Bg4 20. hxg6+ fxg6 21. Be2
Ne6 22. Nh2 Bxe2 23. Nxe2 Qf7 24. Be3 Nh5 25. g3 Rf8 26. Rf1 Qe7 27. d5 Ng5 28.
f3 cxd5 29. Rxd5 Nf6 30. Bxg5 hxg5 31. Rdd1 g4 32. Nxg4 Nxg4 33. fxg4 Qg5 34.
Qd3 Qxg4 35. Kg2 d5 36. exd5 e4 37. Qe3 Bh6 38. Nf4 Bxf4 39. Rxf4 Qxd1 40. Rh4+
Kg8 41. Qxe4 Qf1+ 42. Kh2 Rf2+ 0-1

[Event "World Blitz 2015"]
[Site "Berlin GER"]
[Date "2015.10.14"]
[Round "21.23"]
[White "Kovalenko, Igor"]
[Black "Riazantsev, Alexander"]
[Result "1-0"]
[WhiteTitle "GM"]
[BlackTitle "GM"]
[WhiteElo "2700"]
[BlackElo "2646"]
[WhiteFideId "14117908"]
[BlackFideId "4125029"]
[EventDate "2015.10.13"]

1. e4 c6 2. d3 d5 3. Nd2 e5 4. Ngf3 Bd6 5. g3 Nf6 6. Bg2 O-O 7. O-O Nbd7 8. Re1
dxe4 9. Nxe4 Nxe4 10. Rxe4 Re8 11. Re1 Nf6 12. Be3 Bg4 13. h3 Bh5 14. Qd2 Nd5
15. Nh4 Nxe3 16. Rxe3 Bc5 17. Re4 Qb6 18. b4 Bf8 19. Rae1 f6 20. Kh2 a5 21. a3
axb4 22. axb4 Ra4 23. c3 Bf7 24. R4e2 Rd8 25. Be4 g6 26. Qc2 Ra2 27. Qb1 Rxe2
28. Rxe2 f5 29. Bg2 Bg7 30. Nf3 Qc7 31. Ng5 Bd5 32. Bxd5+ Rxd5 33. c4 Rd7 34.
Qa2 h6 35. Ne6 Qd6 36. Nxg7 Kxg7 37. Qb2 Re7 38. Qc3 Kf7 39. Qd2 Kg7 40. Qc3 Kf7
41. h4 Qd4 42. Qxd4 exd4 43. Ra2 Re1 44. Ra7 Rd1 45. Rxb7+ Ke6 46. Rc7 Kd6 47.
Rg7 Rxd3 48. Rxg6+ Kc7 49. Rxh6 Rc3 50. c5 Rc4 51. Rd6 Rxb4 52. h5 Rc4 53. h6
Rxc5 54. Rxd4 Re5 55. Rh4 Re8 56. Kg2 Kd6 57. Kf3 Ke5 58. Rc4 Re6 59. h7 1-0

[Event "World Blitz 2015"]
[Site "Berlin GER"]
[Date "2015.10.14"]
[Round "21.24"]
[White "Wojtaszek, Radoslaw"]
[Black "Petrosian, Tigran L."]
[Result "0-1"]
[WhiteTitle "GM"]
[BlackTitle "GM"]
[WhiteElo "2734"]
[BlackElo "2625"]
[WhiteFideId "1118358"]
[BlackFideId "13301616"]
[EventDate "2015.10.13"]

1. d4 d6 2. e4 Nf6 3. f3 e5 4. Ne2 Nbd7 5. c4 g6 6. Nbc3 Bg7 7. Be3 c6 8. Qd2
Qe7 9. d5 O-O 10. O-O-O cxd5 11. cxd5 a6 12. g4 b5 13. h4 h5 14. Bh3 hxg4 15.
Bxg4 Nxg4 16. fxg4 b4 17. Na4 Nf6 18. Ng3 Bxg4 19. Rdf1 Nh5 20. Nxh5 Bxh5 21.
Nb6 b3 22. axb3 Rab8 23. Kb1 f5 24. Ka2 f4 25. Bf2 Bf3 26. Rhg1 Bxe4 27. Rc1 Bf5
28. Rc4 Rb7 29. Rc6 Kh7 30. b4 Qf6 31. Rgc1 e4 0-1

[Event "World Blitz 2015"]
[Site "Berlin GER"]
[Date "2015.10.14"]
[Round "21.27"]
[White "Morozevich, Alexander"]
[Black "Bauer, Christian"]
[Result "1/2-1/2"]
[WhiteTitle "GM"]
[BlackTitle "GM"]
[WhiteElo "2711"]
[BlackElo "2623"]
[WhiteFideId "4116992"]
[BlackFideId "603767"]
[EventDate "2015.10.13"]

1. c4 c5 2. g3 g6 3. Bg2 Bg7 4. Nc3 Nc6 5. Nf3 b6 6. h4 h6 7. a3 Bb7 8. Rb1 Bxc3
9. bxc3 d6 10. O-O Qd7 11. e4 e5 12. d3 Nge7 13. Nh2 O-O-O 14. Ng4 f5 15. Nf6
Qc7 16. Nd5 Nxd5 17. cxd5 Ne7 18. c4 Kb8 19. a4 a5 20. f4 exf4 21. gxf4 Ka7 22.
Rb2 fxe4 23. dxe4 Ba6 24. Qb3 Nc8 25. Re1 Rde8 26. Rbe2 Qd8 27. h5 gxh5 28. e5
Rhg8 29. e6 Qh4 30. Rf2 Rxg2+ 31. Kxg2 Rg8+ 32. Kf1 Qh1+ 33. Ke2 Qe4+ 34. Kd1
Qd4+ 35. Rd2 Qxf4 36. Qd3 Qg4+ 37. Qe2 Bxc4 38. Qxg4 hxg4 39. Rh2 Bxd5 40. Rxh6
g3 41. e7 Re8 42. Bg5 Kb7 43. Bf4 g2 44. Bxd6 Bb3+ 45. Kd2 Bxa4 46. Bh2 Rxe7 47.
Rxe7+ Nxe7 48. Rh7 Kc6 49. Rxe7 Bb3 50. Kc3 Bd5 51. Rc7+ Kb5 52. Rg7 a4 53. Rg6
Bc6 54. Bc7 Ka6 55. Kc4 Kb7 56. Bh2 Be8 57. Rxg2 Bf7+ 58. Kc3 Bd5 59. Rg6 b5 60.
Bd6 b4+ 61. Kd3 Kc6 62. Bf8+ Kb5 63. Rg5 Kc6 64. Rg6+ Kb5 65. Rg5 Kc6 66. Bg7 a3
67. Kc2 c4 68. Bd4 Be4+ 69. Kd2 c3+ 70. Ke3 a2 71. Rc5+ Kd6 72. Ra5 Bb1 73. Ke2
Kc6 74. Kd1 Kd7 75. Kc1 Ke6 76. Bg7 Kf7 77. Bd4 Ke6 78. Ra4 Kd5 79. Bg7 Kc4 80.
Bf8 Kb5 81. Rxb4+ Ka5 82. Rxb1 1/2-1/2

[Event "World Blitz 2015"]
[Site "Berlin GER"]
[Date "2015.10.14"]
[Round "21.28"]
[White "Jumabayev, Rinat"]
[Black "Bruzon Batista, Lazaro"]
[Result "1/2-1/2"]
[WhiteTitle "GM"]
[BlackTitle "GM"]
[WhiteElo "2606"]
[BlackElo "2659"]
[WhiteFideId "13702661"]
[BlackFideId "3503739"]
[EventDate "2015.10.13"]

1. Nf3 d5 2. g3 c6 3. Bg2 Bg4 4. c4 e6 5. b3 Nf6 6. Bb2 Nbd7 7. O-O h6 8. Nc3
Bd6 9. d3 O-O 10. Rc1 Qe7 11. Qc2 a6 12. Qb1 Rad8 13. cxd5 cxd5 14. e4 dxe4 15.
dxe4 Bxf3 16. Bxf3 Ne5 17. Be2 Ba3 18. Rfd1 Rxd1+ 19. Rxd1 Bxb2 20. Qxb2 Rd8 21.
Rc1 Nc6 22. Kg2 Rd4 23. Na4 Qd6 24. Bf3 Ne5 25. Rc8+ Kh7 26. Be2 Rd2 27. Rc2
Rxc2 28. Qxc2 Qd4 29. f3 g5 30. Qc3 Nc6 31. Qxd4 Nxd4 32. Bd3 Nd7 33. Kf2 b5 34.
Nc3 Ne5 35. Be2 Kg7 36. Ke3 Nc2+ 37. Kd2 Nd4 38. Ke3 Nc2+ 39. Kd2 Nd4 40. Ke3
Nc2+ 41. Kd2 Nd4 42. f4 gxf4 43. gxf4 Ng6 44. Ke3 Nc2+ 45. Kd2 Nd4 46. Ke3 Nc2+
47. Kd2 Nd4 48. Kd3 Nc6 49. Ke3 e5 50. f5 Nf4 51. Bf1 Nd4 52. Kd2 Nf3+ 53. Ke3
Nxh2 54. Be2 Nxe2 55. Kxe2 Ng4 56. Kf3 Nf6 57. a4 bxa4 58. Nxa4 Nd7 59. Nc3 Nc5
60. b4 Nd3 61. Nd5 f6 62. Ke3 Nb2 63. Nc7 Nc4+ 64. Kd3 Nd6 65. Nxa6 h5 66. Nc5
h4 67. Ke3 Kh6 68. Kf3 Kg5 69. Ne6+ Kh5 70. Ng7+ Kg5 71. Ne6+ Kh5 72. Nc5 Nb5
73. Ne6 Nc3 74. Ng7+ Kg5 75. Ne6+ Kh5 76. Ng7+ Kh6 77. Ne8 Kg5 78. Nd6 h3 79.
Kg3 h2 80. Kxh2 Kf4 81. b5 Nxb5 82. Nxb5 Kxe4 83. Nd6+ Kf4 84. Kg2 1/2-1/2

[Event "World Blitz 2015"]
[Site "Berlin GER"]
[Date "2015.10.14"]
[Round "21.29"]
[White "Ghaem Maghami, Ehsan"]
[Black "Movsesian, Sergei"]
[Result "0-1"]
[WhiteTitle "GM"]
[BlackTitle "GM"]
[WhiteElo "2596"]
[BlackElo "2658"]
[WhiteFideId "12500739"]
[BlackFideId "310204"]
[EventDate "2015.10.13"]

1. e4 d6 2. d4 Nf6 3. Nc3 Nbd7 4. g3 e5 5. Nge2 c6 6. a4 Be7 7. Bg2 O-O 8. O-O
Re8 9. h3 Bf8 10. d5 cxd5 11. exd5 h5 12. Be3 b6 13. Qd2 Ba6 14. Nb5 Nc5 15.
Nec3 Qd7 16. b3 Bb7 17. Rfe1 a6 18. Na3 Qc7 19. Nc4 Rac8 20. a5 b5 21. Nb6 Rb8
22. Rac1 g6 23. b4 Ncd7 24. Ne2 Nxb6 25. Bxb6 Qc4 26. Red1 Rbc8 27. c3 Ne4 28.
Qe3 f5 29. g4 hxg4 30. hxg4 Re7 31. Bxe4 fxe4 32. Ng3 Bxd5 33. Qg5 Rg7 34. Bd8
e3 35. fxe3 Rxd8 36. Qxd8 Qxg4 37. Rxd5 Qxg3+ 38. Kf1 Rf7+ 39. Ke2 Qg2+ 0-1

[Event "World Blitz 2015"]
[Site "Berlin GER"]
[Date "2015.10.14"]
[Round "21.31"]
[White "Guseinov, Gadir"]
[Black "Grandelius, Nils"]
[Result "1-0"]
[WhiteTitle "GM"]
[BlackTitle "GM"]
[WhiteElo "2634"]
[BlackElo "2647"]
[WhiteFideId "13401378"]
[BlackFideId "1710400"]
[EventDate "2015.10.13"]

1. e4 e5 2. Nf3 Nc6 3. Bb5 a6 4. Bxc6 dxc6 5. O-O Qf6 6. d4 exd4 7. Bg5 Qd6 8.
Nxd4 Be7 9. Be3 Nf6 10. f3 O-O 11. Nd2 c5 12. Nc4 Qd8 13. Nf5 Bxf5 14. exf5 Qd5
15. Qxd5 Nxd5 16. Rad1 Nxe3 17. Nxe3 Rfd8 18. f4 b5 19. Kf2 c4 20. Kf3 Kf8 21.
Nd5 Rd7 22. Nc3 Rad8 23. Rxd7 Rxd7 24. Rd1 Rxd1 25. Nxd1 Bf6 26. g4 h6 27. c3
Ke7 28. Nf2 Bh4 29. Ne4 a5 30. g5 hxg5 31. fxg5 g6 32. Kg4 Be1 33. fxg6 fxg6 34.
h4 b4 35. h5 gxh5+ 36. Kxh5 Kf7 37. Kh6 Bh4 38. g6+ Kg8 39. g7 b3 40. a4 c5 41.
Kg6 Be7 42. Nf6+ Bxf6 43. Kxf6 1-0

[Event "World Blitz 2015"]
[Site "Berlin GER"]
[Date "2015.10.14"]
[Round "21.32"]
[White "Edouard, Romain"]
[Black "Borisek, Jure"]
[Result "1/2-1/2"]
[WhiteTitle "GM"]
[BlackTitle "GM"]
[WhiteElo "2636"]
[BlackElo "2565"]
[WhiteFideId "633429"]
[BlackFideId "14603152"]
[EventDate "2015.10.13"]

1. Nf3 Nf6 2. b3 d5 3. Bb2 Bf5 4. e3 h6 5. c4 e6 6. Be2 Be7 7. O-O O-O 8. d3 c5
9. Nbd2 Nc6 10. a3 a6 11. Qc2 Rc8 12. Rad1 Bh7 13. Qb1 d4 14. exd4 cxd4 15. b4
b5 16. Qa1 e5 17. Rfe1 Nd7 18. Bf1 Re8 19. g3 Bf8 20. Qa2 Nb6 21. Qb3 Na4 22.
Ba1 Qd7 23. Bg2 Kh8 24. Rc1 f6 25. Ne4 Nb8 26. Nh4 Qf7 27. Bh3 f5 28. Nd2 g5 29.
cxb5 Qxb3 30. Nxb3 Rxc1 31. Nxc1 gxh4 32. Bxd4 Bg7 33. bxa6 Nxa6 34. Nb3 hxg3
35. hxg3 Nc7 36. Ba1 Nb6 37. Nc5 e4 38. Bxg7+ Kxg7 39. dxe4 fxe4 40. a4 Nbd5 41.
b5 Re5 42. Bg2 Nb6 43. Rc1 Nxa4 44. Nxa4 Nxb5 45. Nb6 e3 46. fxe3 Rxe3 47. Rc5
Nd4 48. Rc7+ Kh8 49. Kh2 Re2 50. Kg1 Re3 51. Rc8+ Kg7 52. Rc7+ Kh8 53. Kf2 Re2+
54. Kf1 Re3 55. g4 Be4 56. Bxe4 Rxe4 57. Nd5 Ne6 58. Ra7 Rxg4 59. Kf2 Rg7 60.
Ra6 Rf7+ 61. Kg3 Ng5 62. Kg4 Ne4 63. Kh5 Kg7 64. Rg6+ Kh7 65. Rxh6+ Kg7 66. Rg6+
Kh7 67. Re6 Rf5+ 68. Kg4 Rxd5 69. Rxe4 1/2-1/2

[Event "World Blitz 2015"]
[Site "Berlin GER"]
[Date "2015.10.14"]
[Round "21.33"]
[White "Eljanov, Pavel"]
[Black "Belov, Vladimir"]
[Result "1/2-1/2"]
[WhiteTitle "GM"]
[BlackTitle "GM"]
[WhiteElo "2717"]
[BlackElo "2614"]
[WhiteFideId "14102951"]
[BlackFideId "4132394"]
[EventDate "2015.10.13"]

1. d4 d5 2. Bf4 Nf6 3. e3 c5 4. c3 Qb6 5. Qb3 Nc6 6. Nd2 c4 7. Qc2 g6 8. Ngf3
Bf5 9. Qc1 Bg7 10. Be2 O-O 11. O-O Qd8 12. Bd1 Ne4 13. Bc2 Nxd2 14. Qxd2 Bxc2
15. Qxc2 Qd7 16. e4 e6 17. Rfe1 b5 18. Qd2 Rfe8 19. Bh6 Bh8 20. e5 a5 21. h4 b4
22. Qf4 Rab8 23. Bg5 Bg7 24. Bf6 h5 25. Re3 Ne7 26. Bxg7 Kxg7 27. Ng5 Nf5 28.
Rh3 Rh8 29. f3 Qe7 30. Rf1 Rb7 31. Kh2 bxc3 32. bxc3 Rb2 33. a4 Rc2 34. Rc1 Rxc1
35. Qxc1 Nh6 36. Qb2 Qc7 37. Kg3 Rb8 38. Qd2 Rb3 39. Kf4 Qe7 40. Rh1 f6 41.
exf6+ Qxf6+ 42. Kg3 Nf5+ 43. Kh3 e5 44. Re1 exd4 45. Re6 Qd8 46. Qf4 Qb8 47. Re5
Rb1 48. Kh2 dxc3 49. Ne6+ Kh7 50. Nd4 c2 51. Nxf5 c1=Q 52. Re7+ Kg8 53. Nh6+ Kh8
54. Nf7+ Kg8 55. Nh6+ Kh8 56. Nf7+ Kg8 57. Nh6+ Kh8 58. Nf7+ Kg8 59. Nh6+ 1/2-1/2

[Event "World Blitz 2015"]
[Site "Berlin GER"]
[Date "2015.10.14"]
[Round "21.34"]
[White "Harikrishna, Pentala"]
[Black "Bluebaum, Matthias"]
[Result "1-0"]
[WhiteTitle "GM"]
[BlackTitle "GM"]
[WhiteElo "2737"]
[BlackElo "2588"]
[WhiteFideId "5007003"]
[BlackFideId "24651516"]
[EventDate "2015.10.13"]

1. Nf3 Nf6 2. g3 b6 3. Bg2 Bb7 4. O-O g6 5. d3 Bg7 6. e4 d6 7. c4 c5 8. Nc3 O-O
9. Rb1 Nc6 10. h3 Nd7 11. Be3 Rc8 12. d4 cxd4 13. Nxd4 Nxd4 14. Bxd4 Rxc4 15.
Bxg7 Kxg7 16. b3 Rc5 17. Qd4+ Nf6 18. b4 Rc8 19. Rfd1 Qc7 20. Rbc1 Qc4 21. Qxc4
Rxc4 22. e5 dxe5 23. Bxb7 Rxb4 24. Nd5 Rb2 25. Nxf6 Kxf6 26. Bd5 e6 27. Bb3 a5
28. Rb1 Rxb1 29. Rxb1 b5 30. Bc2 b4 31. Rd1 Rc8 32. Bb3 e4 33. Kf1 Rc7 34. Ke2
Ke5 35. Rd8 Ra7 36. Ba4 h5 37. h4 Kf6 38. Rb8 Ke5 39. Rb5+ Kd4 40. Kd2 Kc4 41.
Rb8 Kd4 42. Rd8+ Ke5 43. Ke3 Rc7 44. Bb3 Ra7 45. Rb8 a4 46. Rb5+ Kf6 47. Bc4 b3
48. axb3 a3 49. b4 a2 50. Bxa2 Rxa2 51. Rc5 Rb2 52. Rc4 Kf5 53. Rc5+ e5 54. b5
Rb3+ 55. Kd2 Rb2+ 56. Kc3 Rxf2 57. b6 Rf3+ 58. Kb2 e3 59. Rc2 Rf2 60. b7 e2 61.
Rxe2 Rxe2+ 62. Kc3 Re3+ 63. Kc4 Rxg3 64. b8=Q Rg4+ 65. Kc5 Rxh4 66. Qc8+ Kf4 67.
Qd8 Rg4 68. Qf6+ Kg3 69. Qxf7 h4 70. Qb3+ Kg2 71. Qc2+ Kf3 72. Qd1+ Kg3 73. Qg1+
Kf3 74. Qf1+ Kg3 75. Qg1+ Kf3 76. Qh1+ Kg3 77. Kd5 h3 78. Qg1+ Kf3 79. Qh2 Rh4
80. Kxe5 g5 81. Kf5 g4 82. Qh1+ Kf2 83. Qh2+ Kf3 84. Qf4+ Kg2 85. Qd2+ Kf3 86.
Qd3+ Kf2 87. Qd2+ Kf3 88. Qf4+ Kg2 89. Qe4+ Kf2 90. Kg5 Rh8 91. Qd4+ Kg2 92.
Qb2+ Kg1 93. Qxh8 h2 94. Qa1+ Kg2 95. Qb2+ Kg1 96. Qc1+ Kg2 97. Qd2+ Kh3 98. Qe1
g3 99. Qf1+ g2 100. Qf3# 1-0

[Event "World Blitz 2015"]
[Site "Berlin GER"]
[Date "2015.10.14"]
[Round "21.35"]
[White "Perunovic, Milos"]
[Black "Bocharov, Dmitry"]
[Result "1-0"]
[WhiteTitle "GM"]
[BlackTitle "GM"]
[WhiteElo "2622"]
[BlackElo "2560"]
[WhiteFideId "921629"]
[BlackFideId "4138716"]
[EventDate "2015.10.13"]

1. e4 c5 2. Nf3 e6 3. d4 cxd4 4. Nxd4 a6 5. c4 Nf6 6. Nc3 Qc7 7. Be2 Bb4 8. O-O
Bxc3 9. bxc3 Nxe4 10. Bd3 Nf6 11. Re1 d6 12. Qf3 O-O 13. Qg3 Nbd7 14. Rxe6 Nh5
15. Qxd6 Qxd6 16. Rxd6 Nc5 17. Bc2 Re8 18. Ba3 Ne6 19. Re1 Nf6 20. Ba4 Rd8 21.
c5 Rxd6 22. cxd6 Nxd4 23. cxd4 Be6 24. d5 Nxd5 25. d7 Nb6 26. Rd1 Rd8 27. Be7
Rxd7 28. Bxd7 Nxd7 29. a3 f6 30. f4 Kf7 31. Bd6 b5 32. Rc1 Bc4 33. Re1 Be6 34.
Kf2 Nb6 35. h3 h5 36. Bc5 Nc4 37. Rd1 Ke8 38. Kf3 Bd7 39. Re1+ Kd8 40. Re7 g6
41. Rg7 Bf5 42. g4 hxg4+ 43. hxg4 Bb1 44. Be7+ Ke8 45. Bxf6 Nxa3 46. f5 gxf5 47.
g5 Nc4 48. g6 Be4+ 49. Kf4 Bd5 50. Re7+ Kf8 51. Kg5 Nd6 52. g7+ Kg8 53. Rd7 Ne4+
54. Kg6 Nxf6 55. Rd8+ 1-0

[Event "World Blitz 2015"]
[Site "Berlin GER"]
[Date "2015.10.14"]
[Round "21.36"]
[White "Safarli, Eltaj"]
[Black "Duda, Jan-Krzysztof"]
[Result "1-0"]
[WhiteTitle "GM"]
[BlackTitle "GM"]
[WhiteElo "2657"]
[BlackElo "2658"]
[WhiteFideId "13402129"]
[BlackFideId "1170546"]
[EventDate "2015.10.13"]

1. e4 c5 2. Nf3 d6 3. d4 cxd4 4. Nxd4 Nf6 5. Nc3 a6 6. Be3 e5 7. Nf3 Be7 8. Nd2
b5 9. a4 b4 10. Nd5 Nxd5 11. exd5 O-O 12. a5 f5 13. Nc4 Nd7 14. Be2 Nf6 15. O-O
Bb7 16. Nb6 Kh8 17. f4 exf4 18. Rxf4 Ne4 19. Nxa8 Qxa8 20. Bc4 Qc8 21. Qd3 Bg5
22. Rf3 Bf6 23. Raf1 Re8 24. Rxf5 Nc5 25. Bxc5 Qxc5+ 26. Kh1 Re3 27. Qd2 Bc8 28.
Rxf6 gxf6 29. Rxf6 Kg7 30. Rf4 Re5 31. h3 Qe3 32. Qxe3 Rxe3 33. Bb3 Re1+ 34. Kh2
Bd7 35. Rxb4 Bb5 36. Rg4+ Kf6 37. Bc4 h5 38. Rd4 Ke5 39. c3 Bxc4 40. Rxc4 Kxd5
41. Rh4 Re5 42. Rd4+ Kc6 43. b4 d5 44. Rd3 Kb5 45. g4 hxg4 46. hxg4 Kc4 47. Rg3
Rg5 48. Kh3 d4 49. cxd4 Kxb4 50. Kh4 Rg8 51. g5 Kxa5 52. g6 Kb4 53. Kg5 Kc4 54.
Rg4 a5 55. Kf6 Kd5 56. Kf7 Ra8 57. g7 a4 58. g8=Q Rxg8 59. Rxg8 1-0

[Event "World Blitz 2015"]
[Site "Berlin GER"]
[Date "2015.10.14"]
[Round "21.37"]
[White "Roiz, Michael"]
[Black "Al-Sayed, Mohammed"]
[Result "1-0"]
[WhiteTitle "GM"]
[BlackTitle "GM"]
[WhiteElo "2600"]
[BlackElo "2520"]
[WhiteFideId "2804158"]
[BlackFideId "12100196"]
[EventDate "2015.10.13"]

1. Nf3 Nf6 2. g3 g6 3. b3 Bg7 4. Bb2 O-O 5. Bg2 c5 6. c4 Nc6 7. O-O d5 8. cxd5
Nxd5 9. Bxg7 Kxg7 10. d4 cxd4 11. Nxd4 Nxd4 12. Qxd4+ Nf6 13. Qe5 Qb6 14. Nc3
Be6 15. Na4 Qb4 16. Nc5 Bg4 17. h3 Rac8 18. Nd3 1-0

[Event "World Blitz 2015"]
[Site "Berlin GER"]
[Date "2015.10.14"]
[Round "21.38"]
[White "Vallejo Pons, Francisco"]
[Black "Meier, Georg"]
[Result "0-1"]
[WhiteTitle "GM"]
[BlackTitle "GM"]
[WhiteElo "2684"]
[BlackElo "2654"]
[WhiteFideId "2205530"]
[BlackFideId "4675789"]
[EventDate "2015.10.13"]

1. e4 e6 2. d4 d5 3. Nd2 dxe4 4. Nxe4 Nd7 5. Nf3 Ngf6 6. Nxf6+ Nxf6 7. g3 Bd7 8.
Ne5 Bc6 9. Nxc6 Qd5 10. Rg1 Qxc6 11. Bg2 Qb6 12. c3 c6 13. Qb3 Bd6 14. Ke2 O-O
15. Rd1 Qa6+ 16. c4 e5 17. dxe5 Bxe5 18. Kf1 Rfe8 19. h3 Qb6 20. Rb1 Qxb3 21.
axb3 a5 22. Bd2 a4 23. bxa4 Rxa4 24. b4 Rd8 25. Bc3 Re8 26. Be1 h5 27. Rb3 Kf8
28. Re3 Bb2 29. Rxe8+ Kxe8 30. Rb1 Bd4 31. Rb3 Nd7 32. Rd3 Bb2 33. Re3+ Kd8 34.
Rb3 Bf6 35. Bf3 g6 36. Be2 Bd4 37. Rd3 Bb2 38. Rd1 Ke7 39. b5 Ne5 40. c5 Bd4 41.
bxc6 bxc6 42. Rc1 Ra2 43. h4 Ra4 44. Rc2 Ra1 45. f3 Nd7 46. Bc4 Nxc5 47. Re2+
Kf6 48. Kg2 Ne6 49. Bd2 c5 50. Bh6 Rb1 51. g4 Rb2 52. Rxb2 Bxb2 53. Kf2 Ke5 54.
Bxe6 Kxe6 55. Ke2 Kd5 56. Bf8 Bf6 0-1